Princess and the pea (The) / (Record no. 112034)
[ view plain ]
| 000 -LEADER | |
|---|---|
| fixed length control field | 00422nam a2200169 a 4500 |
| 001 - CONTROL NUMBER | |
| control field | 0596 |
| 005 - DATE AND TIME OF LATEST TRANSACTION | |
| control field | 20140414131926.0 |
| 008 - FIXED-LENGTH DATA ELEMENTS--GENERAL INFORMATION | |
| fixed length control field | 040201s19uu xx 00 eng d |
| 020 ## - INTERNATIONAL STANDARD BOOK NUMBER | |
| International Standard Book Number | 0-307-30195-8 |
| 050 ## - LIBRARY OF CONGRESS CALL NUMBER | |
| Classification number | ER |
| Item number | P93 1994 |
| 100 ## - MAIN ENTRY--PERSONAL NAME | |
| Personal name | Lundell, Margo |
| 245 ## - TITLE STATEMENT | |
| Title | Princess and the pea (The) / |
| Statement of responsibility, etc | Margo Lundell. |
| 260 ## - PUBLICATION, DISTRIBUTION, ETC. (IMPRINT) | |
| Place of publication, distribution, etc | New York : |
| Name of publisher, distributor, etc | Golden, |
| Date of publication, distribution, etc | 1994. |
| 300 ## - PHYSICAL DESCRIPTION | |
| Extent | p. ; cm. |
| Withdrawn status | Lost status | Damaged status | Use restrictions | Home library | Current library | Shelving location | Date acquired | Source of acquisition | Total Checkouts | Full call number | Barcode | Date last seen | Price effective from | Koha item type |
|---|---|---|---|---|---|---|---|---|---|---|---|---|---|---|
| Munich Library | Munich Library | Easy Reading Section | 02/01/2004 | ER P93 1994 | M3038 | 04/14/2014 | 04/14/2014 | Books | ||||||
| Munich Library | Munich Library | Easy Reading Section | 11/11/2004 | ER P93 1994 | M3033 | 04/14/2014 | 04/14/2014 | Books |